01298nam a22003137a 4500003000400000005001700004008004100021040002200062082001800084100002500102245003000127260006000157300002100217366000800238490003100246505001200277505007900289505010700368505012000475505001200595650005500607650004700662650004800709650004300757650004500800650005600845650004700901700003600948OSt20230616124215.0221006b |||||||| |||| 00| 0 eng d cBiblioteca Lado V a709.05bG851a aGriffin, Timeeditor aArtforum/bInternacional/ aNew Yorkc2001bNew York editorial and business offices c26.5x27cma220p. espa aSetiembrev2001x0864-1315 tLetters tCOLUMNSaFirst Break Passages Film Hotlist Books/TV TOP TEN 10-20-30 tPreviewsaFall Exhibitions From the Vault US Short Travel Brief World Report International Shorts tFeaturesaGroans of Venice Centerfold Inside the White Box Portfolio A Thousand Words Eater's Digest Openings tReviews 2Tesauro de Arte & ArquitecturaaARTE COMTEMPORANEO 2Tesauro de Arte & ArquitecturaaFOTOGRAFIA 2Tesauro de Arte & ArquitecturaaARTE VISUAL 2Tesauro de Arte & ArquitecturaaLIBROS 2Tesauro de Arte & ArquitecturaaNOTICIAS 2 Tesauro de Arte & ArquitecturaaARTE INTERNACIONAL 2 Tesauro de Arte & ArquitecturaaESCULTURA aNavarreta, Jose Antonioeeditor